| 000 | 00607nam a2200193 a 4500 | ||
|---|---|---|---|
| 005 | 20250605063846.0 | ||
| 008 | 991125s1973 bue 000 0 spa u | ||
| 035 | _aUPN01000014984 | ||
| 049 | _aCG | ||
| 050 | 4 |
_aB1493 _bD5.8 H8.38 |
|
| 100 | 1 |
_aHume, David, _d1711-1776 |
|
| 245 | 1 | 0 |
_aDiálogos sobre la religión y naturaleza / _cHume ; tr., pról. y notas de Carlos Mellizo. |
| 260 |
_aBuenos Aires : _bAguilar, _c1973. |
||
| 300 | _a168 p. | ||
| 440 | 0 |
_aBiblioteca de iniciación filosófica ; _v126 |
|
| 650 | 4 |
_aFilosofía moderna _98266 |
|
| 650 | 0 |
_aReligión _xFilosofía _97889 |
|
| 905 | _aLibro | ||
| 999 |
_c14984 _d14984 |
||